| 000 | 00637nam a22002057a 4500 | ||
|---|---|---|---|
| 999 |
_c10815 _d10815 |
||
| 003 | AR-CdUCM | ||
| 008 | 190402b ||||| |||| 00| 0 eng d | ||
| 040 |
_aMUNICIPALIDAD PROVINCIAL DEL CUSCO _cBIBLIOTECA MUNICIPAL DEL CUSCO |
||
| 082 |
_a869.56 / _bL13C / 1977 |
||
| 100 |
_aLadrón de Guevara de Cuadros, Laura _927857 |
||
| 245 | _aCuentos Cusqueños / | ||
| 260 |
_aLima : _bMinerva, _c1977. |
||
| 300 |
_a129 páginas ; _bilustraciones, _c17 cm. |
||
| 505 | _aContenido: Cuentos. | ||
| 650 |
_aLiteratura Peruana _9132 |
||
| 650 |
_aSiglo XX _98 |
||
| 650 |
_aCuentos Cusqueños _911602 |
||
| 942 |
_2ddc _cLIBROS |
||
| 945 | _aachl | ||